|
|
|
|
| LEADER |
00000cam a2200000 a 4500 |
| 001 |
vtls010000275 |
| 003 |
SK-MaSNL |
| 005 |
20260301083326.0 |
| 008 |
240314s2009 xo g 000 f slo |
| 015 |
|
|
|a SNBA2010/05-02554
|
| 020 |
|
|
|a 9788055120591
|q (viaz.)
|
| 035 |
|
|
|a 0DDF4E51-75B2-4CCB-A662-A73044F43F70
|
| 035 |
|
|
|a urn:nbn:sk:snk-amlbl4
|
| 035 |
|
|
|a urn:nbn:sk:snk-am009242
|
| 040 |
|
|
|a SNK
|b slo
|c SNK
|e AACR2
|
| 041 |
1 |
|
|a slo
|h eng
|
| 044 |
|
|
|a xo
|c SK
|
| 072 |
|
7 |
|a 821.111(73)-3
|x Americká próza
|2 konspekt
|
| 080 |
|
|
|a 821.111(73)-31
|2 2001
|
| 100 |
1 |
|
|a Deveraux, Jude,
|d 1947-
|4 aut
|9 205948
|
| 240 |
1 |
0 |
|a Return to summerhouse
|l Slovensky
|
| 245 |
1 |
0 |
|a Návrat do letného domu
|c Jude Deverauxová ; [z anglického originálu preložil Milan Kopecký]
|
| 250 |
|
|
|a [1. vyd.]
|
| 260 |
|
|
|a Bratislava
|b Ikar
|c 2009
|
| 300 |
|
|
|a 303 s.
|c 21 cm
|
| 655 |
|
7 |
|a americké romány
|2 SNKPH
|9 1174
|
| 700 |
1 |
|
|a Kopecký, Milan,
|d 1984-
|4 trl
|9 217729
|
| 919 |
|
|
|a 978-80-551-2059-1
|
| 958 |
|
|
|a LX
|
| 958 |
|
|
|a UP
|
| 958 |
|
|
|a OND
|
| 968 |
|
|
|b ENG
|d 821
|
| 999 |
|
|
|c 660263
|d 662193
|
| 952 |
|
|
|a SNK
|b SNK
|y PREZ
|7 0
|p 17A0641931
|o snkSC 138623
|i snk2010/1060
|8 0
|0 0
|1 0
|4 0
|d 2010-01-20
|f 1
|l 0
|r 2017-06-30 00:00:00
|w 2026-02-23
|
| 952 |
|
|
|a SNK
|b SNK
|y PREZ
|7 0
|p 17A0646647
|o snkSC 138623 D1
|i snk2010/4045
|8 0
|0 0
|1 0
|4 0
|d 2010-03-02
|l 0
|r 2026-02-23 18:51:28
|w 2026-02-23
|